中国省级行政区,但是回答相邻行政区就算对 Provinces by Borders - Statistics

General Stats
  • This quiz has been taken 776 times
  • The average score is 25 of 34
Answers on the Map
Answers color-coded by a green-red scale on the quiz's map according to % correct below.
 
Answer Stats
省级行政区 % Correct
陕西省
95%
河北省
92%
内蒙古自治区
91%
安徽省
91%
甘肃省
91%
山西省
90%
河南省
89%
江西省
87%
辽宁省
86%
湖北省
86%
湖南省
84%
青海省
84%
四川省
83%
西藏自治区
82%
吉林省
81%
黑龙江省
81%
新疆维吾尔自治区
81%
重庆市
79%
山东省
78%
宁夏回族自治区
78%
广东省
72%
北京市
71%
天津市
71%
浙江省
71%
江苏省
69%
广西壮族自治区
68%
贵州省
68%
福建省
67%
云南省
66%
上海市
53%
香港特别行政区
39%
澳门特别行政区
38%
台湾省
35%
海南省
34%
No matching quizzes found
Score Distribution
Percent of People with Each Score
Percentile by Number Answered
Your Score History
You have not taken this quiz